000 00317nam a2200133Ia 4500
005 20251222143251.0
008 251222s9999||||xx |||||||||||||| ||spa||
020 _a2-86589-024-4
082 _a724.14/A2
100 _aAckerman, James S.
245 0 _aL'architecture de Michel-Ange
264 _bMacula
942 _cLIB
999 _c14972
_d14972